000 00815cam a22002651 4500
999 _c9615
_d9615
001 9615
003 BD-JhCC
005 20180401182804.0
008 180320s1962 as 000 0 eng
035 _a(OCoLC)1060979
_a(BD-JhCC)9615
040 _aDLC
_cOAU
_dDLC
_dBD-JhCC
041 _aeng
050 0 0 _aPR1109
_b.S673
082 _a808
_bSTE 1962
100 1 _aSteinmann, Martin,
_d1915-
245 1 0 _aLiterature for writing :
_ban anthology of major British and American authors /
_c[by] Martin Steinmann, Jr. [and] Gerald Willen.
260 _aBelmont :
_bWadsworth Pub. Co,
_c1962.
300 _a692 p.
_c26 cm.
650 0 _aEnglish literature.
650 0 _aAmerican literature.
650 0 _aEnglish language
_xRhetoric.
700 1 _aWillen, Gerald,
942 _2ddc
_cBK